00642nam a2200217 u 45000010006000000050017000060080041000230350010000640350021000740400013000950410008001080820008001161000031001242450041001552600040001963000014002366500019002506500017002696500012002867870126002988080820260504072030.0960313s1834 fre  a80808 a(OCoLC)778217164 ccomduadb afre 4a54910aBerthier, Pierre4auteaut10aTraite des essais par, la voie seche aFrancia :bThomine Libraire,c1834. a2V. : IL. 7aEnsayos2embne aCombustibles aMetales08iTítulo/alternativotDes propietes de la composition et de l'essai des substances metalliques et des combustiblesw80809